| 000 | 00509nam a22001697a 4500 | ||
|---|---|---|---|
| 999 |
_c62227 _d62227 |
||
| 005 | 20240823144027.0 | ||
| 008 | 240823c2002 enk||||| |||| 00| 0 eng d | ||
| 022 | _a0264 3758 | ||
| 041 | _aeng | ||
| 245 |
_aJournal of Applied Philosophy : _b2002 / _cEditor Suzanne Uniacke. |
||
| 260 |
_aOxford : _bBlackwell, _c2002. |
||
| 300 | _aV. | ||
| 653 | _aფილოსოფია | ||
| 653 | _aპერიოდიკა | ||
| 700 |
_a Uniacke, Suzanne _eრედაქტორი _923114 |
||
| 942 |
_2udc _cCR |
||